000 00842nam a2200253Ia 4500
003 OSt
005 20220923222250.0
006 a|||||r|||| 00| 0
007 ta
008 220922b |||||||| |||| 00| 0 guj d
024 _a204,111
037 _cTextual
040 _aARTS
_cARTS
_bguj
041 _2guj
_aguj
082 _aO156,1N08x, 152K2
100 _aरावल, अनन्तराय
_9156272
245 0 _aगुजराती कवि दयाराम
246 _aGujarātī kavi dayārāma
260 _aवर्धा
_b राष्ट्रभाषा प्रचार समिति
_c1962
300 _a117पृ0
_ccm.
490 _aकवि श्री माला
942 _hO156,1N08x, 152K2
_cTEXL
_2CC
999 _c354860
_d354860